00838nam a22002057a 450000500170000001000150001702000270003203500140005903700090007308200210008224501000010325000060020326000390020927001040024830000200035270000410037294200320041399900190044595201680046420260417122616.0 aENG-148309 a9788199301603c1099.00 aEN-131841 bDBAD a320.54095491721 aPolitics of Identity:bEthnicity, Nationalism and Belongingness/cEdited By Shahiuz Zaman Ahmad a1 aGuwahatibPurbanchal Prakashc2026 aH.N0--2, Seujee Path, Wireless, Dr. B.N.Saikia RoadbGuwahatie781006mpurbanchal_prakash@yahoo.com a464p.c23cm(Hb) aAhmad, Shahiuz Zaman eEditor988946 2ddccENh320.540954917mPOL c215928d215928 001040708NFICaDBADbDBADd2026-04-17eDelivery of Books Act Divisiong1099.00l0o320.540954917 POLpEN-131841r2026-04-17 12:26:48t1v1099.00w2026-04-17yEN